Ethics and action / (Record no. 30667)
[ view plain ]
| 000 -LEADER | |
|---|---|
| fixed length control field | 00775cam a2200277 4500 |
| 001 - CONTROL NUMBER | |
| control field | 30667 |
| 003 - CONTROL NUMBER IDENTIFIER | |
| rucl marc code | BD-RjUL |
| 005 - DATE AND TIME OF LATEST TRANSACTION | |
| control field | 20211209051610.0 |
| 008 - FIXED-LENGTH DATA ELEMENTS--GENERAL INFORMATION | |
| fixed length control field | 140410s1972 enk b 001 0 eng d |
| 020 ## - INTERNATIONAL STANDARD BOOK NUMBER | |
| International Standard Book Number | 0710074387 |
| 035 ## - SYSTEM CONTROL NUMBER | |
| System control number | (BD-RjUL)30754 |
| 040 ## - CATALOGING SOURCE | |
| Original cataloging agency | DLC |
| Transcribing agency | DLC |
| Modifying agency | DLC |
| -- | BD-RjUL |
| Language of cataloging | eng |
| 041 ## - LANGUAGE CODE | |
| Language code of text/sound track or separate title | eng |
| 082 00 - DEWEY DECIMAL CLASSIFICATION NUMBER | |
| Classification number | 170 |
| Author mark and year | WIE 1972 |
| 100 1# - MAIN ENTRY--PERSONAL NAME | |
| Personal name | Winch, Peter. |
| 9 (RLIN) | 93166 |
| 245 10 - TITLE STATEMENT | |
| Title | Ethics and action / |
| Statement of responsibility, etc. | Peter Winch |
| 260 ## - PUBLICATION, DISTRIBUTION, ETC. (IMPRINT) | |
| Place of publication, distribution, etc. | London : |
| Name of publisher, distributor, etc. | Routledge and Kegan Paul, |
| Date of publication, distribution, etc. | 1972. |
| 300 ## - PHYSICAL DESCRIPTION | |
| Pagination | viii, 231 p. ; |
| Size | 23 cm. |
| 350 ## - PRICE (NR) (BK AM CF MU VM SE) [OBSOLETE] | |
| Price | £2.75 |
| 490 0# - SERIES STATEMENT | |
| Series statement | Studies in ethics and the philosophy of religion |
| 504 ## - BIBLIOGRAPHY, ETC. NOTE | |
| Bibliography, etc | Includes bibliographical references. and Index |
| 650 #0 - SUBJECT ADDED ENTRY--TOPICAL TERM | |
| Topical term or geographic name as entry element | Ethics. |
| 9 (RLIN) | 93167 |
| 942 ## - ADDED ENTRY ELEMENTS (KOHA) | |
| Source of classification or shelving scheme | Dewey Decimal Classification |
| Koha item type | Books |
| Lost status | Source of classification or shelving scheme | Damaged status | Not for loan | Collection code | Permanent Location | Current Location | Shelving location | Date acquired | Source of acquisition | Cost, normal purchase price | Total Checkouts | Full call number | Date last seen | Copy number | Koha item type |
|---|---|---|---|---|---|---|---|---|---|---|---|---|---|---|---|
| Dewey Decimal Classification | Non-fiction | Central Library, University of Rajshahi | Central Library, University of Rajshahi | 23/12/1975 | Gonathan Were & Co. | 2.75 | 170 WIE 1972 | 10/04/2014 | C-10 | Books | |||||
| Dewey Decimal Classification | Non-fiction | Central Library, University of Rajshahi | Central Library, University of Rajshahi | 23/12/1975 | Gonathan Were & Co. | 2.75 | 170 WIE 1972 | 10/04/2014 | C-5 | Books | |||||
| Dewey Decimal Classification | Non-fiction | Central Library, University of Rajshahi | Central Library, University of Rajshahi | 29/11/1975 | Jonhanathan wren & co. | 2.75 | 170 WIE 1972 | 12/04/2014 | C-4 | Books | |||||
| Dewey Decimal Classification | Non-fiction | Central Library, University of Rajshahi | Central Library, University of Rajshahi | 29/11/1975 | Jonhanathan wren & co. | 2.75 | 170 WIE 1972 | 12/04/2014 | C-6 | Books | |||||
| Dewey Decimal Classification | Non-fiction | Central Library, University of Rajshahi | Central Library, University of Rajshahi | 23/12/1975 | Jonathan War. & ltd. | 2.75 | 170 WIE 1972 | 13/04/2014 | C-9 | Books | |||||
| Dewey Decimal Classification | Non-fiction | Central Library, University of Rajshahi | Central Library, University of Rajshahi | 23/12/1975 | Jonathan War. & ltd. | 2.75 | 170 WIE 1972 | 13/04/2014 | C-3 | Books | |||||
| Dewey Decimal Classification | Non-fiction | Central Library, University of Rajshahi | Central Library, University of Rajshahi | 23/12/1975 | Gonathan ware & co. | 2.75 | 170 WIE 1972 | 29/04/2014 | C-8 | Books | |||||
| Dewey Decimal Classification | Non-fiction | Central Library, University of Rajshahi | Central Library, University of Rajshahi | 22/12/1975 | Gonathan ware & co. | 2.75 | 170 WIE 1972 | 29/04/2014 | C-7 | Books | |||||
| Dewey Decimal Classification | Non-fiction | Central Library, University of Rajshahi | Central Library, University of Rajshahi | 29/11/1975 | gonathan wres and co. | 2.75 | 170 WIE 1972 | 29/04/2014 | C-2 | Books | |||||
| Dewey Decimal Classification | Not For Loan | Non-fiction | Central Library, University of Rajshahi | Central Library, University of Rajshahi | Reading Room | 29/11/1975 | Jonathan waren and sons. | 2.75 | 170 WIE 1972 | 01/12/2016 | C-1 | Books |